000 01627nam a2200505 i 4500
001 768714001
003 CO-MdFUSB
005 20250609153716.0
008 010621t2001 sp | ||| ||spa
017 _aM 10293-2001
_bOficina Depósito Legal Madrid
020 _a8489651973
040 _aSpMaBN
_bspa
_cCO-MdFUSB
_erdc
_dCO-MdFUSB
041 1 _aspa
080 0 _a929 Cipriano, Santo
080 0 _a226.91.07
080 0 _a234.22
080 0 _a260.114
082 _224
_a270.1
_bB582
100 0 _aCipriano,
_eautor
245 1 3 _aLa unidad de la iglesia
_b: el Padrenuestro ; a donato
_c/ Cipriano ; introducción y notas de Carmelo Failla ; traducción del latín de Joaquín Pascual Torró
250 _aSegunda edición
_b: marzo 2001
264 1 _aMadrid,
_bCiudad Nueva
_c[1991]
264 4 _c© 1991
300 _a145 p.
_c: 21 cm
_b:
336 _2rdacontent
_atexto
_btxt
337 _2rdamedia
_asin mediación
_bn
338 _2rdacarrier
_avolumen
_bnc
490 _aBiblioteca de Patristíca
500 _aÍndices
505 _aLa unidad de la iglesia -- El Padre nuestro -- A donato -- Índices
534 _ptraducido del latín
563 _arústico
600 0 7 _aCipriano,
_cSanto, Obispo de Cartago
_vCorrespondencia
_2embne
630 0 7 _aPadrenuestro
_2embne
653 _aPatristica
700 1 _aFailla, Carmelo
_eIntroductor.
700 1 _aPascual Torró, Joaquín
_d1939-
_etraductor.
830 _v12
942 _cREF
945 _aEstudiante
956 _a2
999 _c63914
_d63914